<?xml version="1.0" encoding="UTF-8"?>
<record
    xmlns:xsi="http://www.w3.org/2001/XMLSchema-instance"
    xsi:schemaLocation="http://www.loc.gov/MARC21/slim http://www.loc.gov/standards/marcxml/schema/MARC21slim.xsd"
    xmlns="http://www.loc.gov/MARC21/slim">

  <leader>00789nam a2200265 i 4500</leader>
  <controlfield tag="001">C00009234c</controlfield>
  <controlfield tag="005">20241029142945.0</controlfield>
  <controlfield tag="008">950406s1990    dk a     c    000 0ddan d</controlfield>
  <datafield tag="020" ind1=" " ind2=" ">
    <subfield code="a">87-89-119-12-6</subfield>
  </datafield>
  <datafield tag="080" ind1=" " ind2=" ">
    <subfield code="a">73 Moller, Mogens</subfield>
  </datafield>
  <datafield tag="080" ind1=" " ind2=" ">
    <subfield code="a">73 Dahlin, Dorte</subfield>
  </datafield>
  <datafield tag="100" ind1="1" ind2=" ">
    <subfield code="a">Dahlin, Dorte.</subfield>
    <subfield code="9">6822</subfield>
  </datafield>
  <datafield tag="245" ind1="1" ind2="0">
    <subfield code="a">Soul / </subfield>
    <subfield code="c">Dorte Dahlin og Mogens Moller.</subfield>
  </datafield>
  <datafield tag="260" ind1=" " ind2=" ">
    <subfield code="a">Soro : </subfield>
    <subfield code="b">Vestsjaellands Kunstmuseum ; </subfield>
    <subfield code="a">Randers : </subfield>
    <subfield code="b">Randers Kunstmuseum,</subfield>
    <subfield code="c">1990.</subfield>
  </datafield>
  <datafield tag="300" ind1=" " ind2=" ">
    <subfield code="a">36 p. : </subfield>
    <subfield code="b">il. ; </subfield>
    <subfield code="c">30 cm.</subfield>
  </datafield>
  <datafield tag="500" ind1=" " ind2=" ">
    <subfield code="a">Bibliograf&#xED;a.</subfield>
  </datafield>
  <datafield tag="500" ind1=" " ind2=" ">
    <subfield code="a">Texto en dan&#xE9;s e ingl&#xE9;s.</subfield>
  </datafield>
  <datafield tag="500" ind1=" " ind2=" ">
    <subfield code="a">Ded. ms.</subfield>
  </datafield>
  <datafield tag="600" ind1="1" ind2="4">
    <subfield code="a">Moller, Mogens.</subfield>
    <subfield code="9">6823</subfield>
  </datafield>
  <datafield tag="710" ind1="2" ind2=" ">
    <subfield code="a">Vestsjaellands Kunstmuseum (</subfield>
    <subfield code="c">Soro)</subfield>
    <subfield code="9">6824</subfield>
  </datafield>
  <datafield tag="710" ind1="2" ind2=" ">
    <subfield code="a">Randers Kunstmuseum.</subfield>
    <subfield code="9">6825</subfield>
  </datafield>
  <datafield tag="852" ind1=" " ind2=" ">
    <subfield code="j">F-7099</subfield>
  </datafield>
  <datafield tag="952" ind1=" " ind2=" ">
    <subfield code="0">0</subfield>
    <subfield code="1">0</subfield>
    <subfield code="4">0</subfield>
    <subfield code="7">0</subfield>
    <subfield code="8">NOR</subfield>
    <subfield code="a">RABASF</subfield>
    <subfield code="b">RABASF</subfield>
    <subfield code="c">DP1</subfield>
    <subfield code="d">1995-04-06</subfield>
    <subfield code="e">O</subfield>
    <subfield code="l">0</subfield>
    <subfield code="o">F-7099</subfield>
    <subfield code="p">1010172</subfield>
    <subfield code="r">2024-10-15 09:07:46</subfield>
    <subfield code="w">2024-10-15</subfield>
    <subfield code="y">FONDOMODER</subfield>
  </datafield>
  <datafield tag="999" ind1=" " ind2=" ">
    <subfield code="c">9089</subfield>
    <subfield code="d">9089</subfield>
  </datafield>
</record>
